LIBRARY & INFORMATION CENTRE, KCAET, TAVANUR

ONLINE PUBLIC ACCESS CATALOGUE (OPAC)

Machine drawing / (Record no. 13073)

MARC details
000 -LEADER
fixed length control field 00357cam a2200145ua 4500
041 ## - LANGUAGE CODE
Language code of text/sound track or separate title eng
082 ## - DEWEY DECIMAL CLASSIFICATION NUMBER
Classification number 621.815
Item number JUN/MA
100 ## - MAIN ENTRY--AUTHOR NAME
Personal name N.D, Junarkar .
245 ## - TITLE STATEMENT
Title Machine drawing /
260 ## - PUBLICATION, DISTRIBUTION, ETC. (IMPRINT)
Place of publication South Asia :
Name of publisher Pearson education ,
Year of publication 2007.
300 ## - PHYSICAL DESCRIPTION
Number of Pages ;
Accompanying material `.
942 ## - ADDED ENTRY ELEMENTS (KOHA)
Koha item type Books
Holdings
Withdrawn status Lost status Damaged status Home library Current library Date acquired Full call number Accession Number Koha item type
      KAUAET KAUAET 07/04/2012 621.815 21595 Books
      KAUAET KAUAET 26/08/2022 621.815 JUN/MA 24911 Books
free website counter